00245nam a2200109Ia 4500008004100000100001600041245002000057260002600077300000800103942000700111999001700118190216s9999||||xx |||||||||||||| ||und|| aPrakash T N 0aSoundaryalahari bPoorna Pubs Kozhikode a202 cBK c27548d27548